| 000 | 00487nam a2200169 i 4500 | ||
|---|---|---|---|
| 001 | 29779 | ||
| 003 | ES-MaACL | ||
| 005 | 20231224062913.0 | ||
| 007 | t| | ||
| 008 | 030122q1950 sp |||| | spa d | ||
| 100 | 1 |
_aBaroja, Pío, _d1872-1956 _925752 |
|
| 245 | 1 | 3 |
_aLa dama de Urtubi y otras historias / _cPío Baroja. |
| 260 |
_aMadrid : _bAguado, _c[ca. 1950] ( _fTall. Gráf. Ediciones Castilla) |
||
| 300 |
_a170 p. ; _c12 cm. |
||
| 852 |
_aES-MaACL _jD-8406 |
||
| 999 |
_c29779 _d29779 |
||